000 00569nam a2200169 a 4500
001 000048966
005 20201002061541.0
008 190314s201u dr c 000 0 spa d
040 _aDO-SdBNP
_bspa
_cBNPHU
082 _axxxx
_bS159m
100 1 _aSaladin, Carolina
_976391
245 1 0 _aMaquilla tu vida :
_btu actitud es tu mejor maquillaje /
_cCarolina Saladin ; fotografĂ­a Patricia Collado.
260 _a[Santo Domingo] :
_b[s.d],
_c[201-].
300 _a114 p. ; :
_bretrs. ;
_c23 cm.
590 _aInventariado, 2019/ YL
700 1 2 _aCollado, Patricia
_efot.
_976392
999 _c48454
_d48454